00299nam a2200121Ia 4500008004100000050001500041100002700056245002000083245002100103260002800124260000900152300001600161160319s9999 xx 000 0 und d bM357i 2001 aMarquez, Servillano T. aIbong Adarna :  bSanayang aklat / bJ.C Palabay Enterprises c2001 a232 pages :